MDQL
is popping MORE tags! Check the
thread
!
Quizzes
Events
Quiz Creation
Community
Videos
Private Events
Remove Ads
Sign In
Join for FREE
Feedback
Dark Mode
Quiz Categories
Sports
Geography
Music
Movies
Television
Just For Fun
Miscellaneous
History
Literature
Language
Science
Gaming
Entertainment
Religion
Holiday
For Kids
Quiz Lab
Recent
Popular Today
Quiz Kudos Today
Editor Picks
Curator Picks
Quizzes by...
Day
Popularity
Type
Ratings
Length
Year
Community
Subscriptions
Recent Discussions
Orange Saloon
Badges
Playlists
Quests
Create
Leaderboards
Showdown
Live 5
Trivia Bingo
Activity
Puzzle Library
Sporcle Events
Private Events
Virtual Trivia
Globe League
Become a Host
Pub Owners
SporcleCon
Opinionation
Our Games
Videos
Blog
Mobile Apps
Partnerships
Remove Ads and Go Orange
Feedback
Just For Fun
Clickable
Get the Picture
Humor
Quick Pick
Word Ladder
Missing Word
Mixed Word
Blitz
Minefield
This or That
Alphabet
Color
Typing
Sporcle
Puzzle
Word Play
Follow That Line
Logic
Just For Fun
Clickable
Get the Picture
Humor
Quick Pick
Word Ladder
Missing Word
Mixed Word
Blitz
Minefield
This or That
Alphabet
Color
Typing
Sporcle
Puzzle
Word Play
Follow That Line
Logic
Random Quiz
Search Sporcle
×
Quiz Lab
Quiz Lab
Just For Fun
Disney
Type in answers that appear in a list
Type in answers that appear in a list
Classic
Best Score? Go Orange.
Disney World Rides by Movie Stats
Can you name the Disney World Rides by Movie?
By
cnawr14
15m
23 Questions
380 Plays
380 Plays
380 Plays
Comments
Comments
Give Quiz Kudos
Give Quiz Kudos
-
- Ratings
hide this ad
Replay
Link that replays current quiz
Next Quiz
Link to next quiz in quiz playlist
You Got
0%
They Got
Avg Score
66%
Avg Friend Score
Upgrade to see
Score Distribution
Jump to the score distribution portion of the page
Score
0/23
Timer
15:00
0
Plays Today
Movie
Ride
% Correct
Dumbo
Dumbo
88.2%
Pirates of the Caribbean
Pirates of the Caribbean
85.8%
Peter Pan
Peter Pan's Flight
85.5%
Toy Story
Toy Story Midway Mania
83.9%
Aladdin
Aladdin's Magic Carpets
82.6%
78.2%
Lilo and Stitch
Stitch's Great Escape
77.6%
Star Wars
Star Tours
76.6%
Alice in Wonderland
Mad Tea Party
75.5%
The Many Adventures of Winnie the Pooh
The Many Adventures of Winnie the Pooh
75%
Monsters Inc.
Monsters Inc Laugh Floor
74.7%
A Bug's Life
It's Tough to Be a Bug
70.5%
Movie
Ride
% Correct
Finding Nemo
The Seas with Nemo and Friends
67.4%
Toy Story
Buzz Lightyear's Space Ranger Spin
64.5%
Snow White and the Seven Dwarfs
Snow White's Scary Adventures
60.8%
Finding Nemo
Turtle Talk with Crush
60.5%
The Little Mermaid
Voyage of the Little Mermaid
58.2%
Finding Nemo
Finding Nemo The Musical
53.7%
The Lion King
Circle of Life
53.2%
The Three Caballeros
Gran Fiesta Tour
49.7%
Beauty and the Beast
Beauty and the Beast Live on Stage
45.8%
Indiana Jones
Indiana Jones Stunt Spectacular
35.8%
Cinderella
Prince Charming's Carousel
17.4%
Quiz Playlist
Details
Report
Send in Message
Add To Playlist
Classic:
Type in answers that appear in a list
Last Updated: Feb 16, 2017
Quiz Scoreboard
CHALLENGE
Sign Up to Join the Scoreboard
Show All
Scores
Hide
Comments
May contain spoilers
Recently Published
Find the 'City' Movie
by crazypaving
Movies
60s
5x2 Blitz: Bands
by SL_Kpop136
Music
30s
Colored Red Africa Blitz
by spor1
Geography
30s
More to Explore
Quiz From the Vault
Featured Blog Post
14 Easter Pick-up Lines to Find Eggs With
hide this ad
You Might Also Like...
Tags
Disney Quiz
Disney Films
Disney World
Today's Top Quizzes in Just For Fun
Browse Just For Fun
hide this ad
Today's Top Quizzes in Disney
Browse Disney
Top Contributed Quizzes in Just For Fun
1
Name Just One - 10 to 1: Just For Fun
2
Survivor Winners Logic Puzzle
3
Missing Word: 2-Letter A-Z II
4
Avatar the Last Airbender: Logic Puzzle
5
Shadowhunters Protagonists Logic Quiz
6
Quick 5-Color Logic (18)
7
Medium Renzoku Puzzle 11
8
Ultimate Minefield Blitz VIII
9
Ice Cream Logic Puzzle
10
Ultimate Minefield Blitz XXVIII
Explore More
Trending Topics
Crossword
Kpop
Harry Potter
Disney
Marvel
NBA
Anime
WWE
Puzzle
Country
Pokémon
Song
The Office
Soccer
NFL
hide this ad
More By:
cnawr14
Quiz
Plays
Rating
Category
Featured
Created
Disney World Grab Bag
2,593
3.29
Entertainment
Jan 22, 2011
Lengthy Disney Animated Movie Titles
793
3.83
Movies
Jan 28, 2011
Songs on A Hard Day's Night
651
5.00
Music
Jan 14, 2011
Disney World Resorts by Website Description
460
1.50
Just For Fun
May 8, 2011
Epcot Rides and Attractions
432
2.33
Just For Fun
Dec 23, 2010
Go to Creator's Profile
Score Distribution
Quiz Creator Spotlight
cnawr14
Follow
Send a Message
Quizzes Created
-
Created Quiz Play Count
-
More By This Creator
Popular Quizzes Today
1
Colored Red Africa Blitz
2
Find the 'City' Movie
3
5x2 Blitz: Bands
4
Find the US States - No Outlines Minefield
5
The Countries of the World
6
Find the US States
7
US States
8
9x9 Crossword: Cartoon Network
More Just For Fun Quizzes
Dan's Wraparound Triple Trees 6
Quiz Lab
Trending Quizzes
Colored Red Europe Blitz I
Colored Red Africa Blitz II
Colored Red Africa Blitz III
Colored Red Europe Blitz III
Colored Red Europe Blitz II
Recently Updated
Champions League XIs: Real Madrid
pecheneg
Largest US Cities 1790-2010
pecheneg
Rides in Walt Disney World
pecheneg
Most Oscar Losses (Acting)
pecheneg
Beyoncé Albums
pecheneg
Leaping Animals
pecheneg
Reality TV Shows (A-Z)
bhenderson79
Rickey Henderson's Hall of Fame Teammates
pecheneg
Champions League XIs: Arsenal
pecheneg
Quick Pick: Celebrities in WWE's Hall of Fame
aduchscher
Trending Topics
Disney
Crossword
Kpop
NBA
Marvel
Harry Potter
Anime
Song
NFL
Country
The Office
Puzzle
Pokémon
Soccer
WWE
Your Account Isn't Verified!
In order to create a playlist on Sporcle, you need to verify the email address you used during registration. Go to your
Sporcle Settings
to finish the process.
Report this User
Report this user for behavior that violates our
Community Guidelines
.
Details:
Send Report
Go to the Sporcle.com Mobile Site →
Comments